Statistiche per Scuderie che hanno vinto almeno 2 Mondiali costruttori di F1

Clicka qui per fare il quiz!

Statistiche generali

  • Questo quiz è stato fatto 26 volte
  • Il punteggio medio è 8 su 9

Statistiche sulle risposte

NazioneTitoli costruttoriStagioni dei titoli costruttoriScuderia% Corretto
Italia161961, 1964, 1975, 1976, 1977, 1979, 1982, 1983, 1999, 2000, 2001, 2002, 2003, 2004, 2007, 2008Ferrari
100%
Regno Unito81974, 1984, 1985, 1988, 1989, 1990, 1991, 1998McLaren
100%
Germania82014, 2015, 2016, 2017, 2018, 2019, 2020, 2021Mercedes
100%
Regno Unito / Austria62010, 2011, 2012, 2013, 2022, 2023Red Bull
100%
Regno Unito91980, 1981, 1986, 1987, 1992, 1993, 1994, 1996, 1997Williams
100%
Regno Unito / Francia22005, 2006Renault
92%
Regno Unito71963, 1965, 1968, 1970, 1972, 1973, 1978Team Lotus
83%
Regno Unito21966, 1967Brabham
58%
Regno Unito21959, 1960Cooper
33%

Distribuzione punteggi

Percentile per numero di risposta

Percentuale di utenti per punteggio

I tuoi punteggi nel tempo

Non hai fatto questo quiz